The new suburban history / (Record no. 352862)

000 -LEADER
fixed length control field 02693 a2200349 4500
003 - CONTROL NUMBER IDENTIFIER
control field OSt
005 - DATE AND TIME OF LATEST TRANSACTION
control field 20180116192349.0
008 - FIXED-LENGTH DATA ELEMENTS--GENERAL INFORMATION
fixed length control field 120531t xxu||||| |||| 00| 0 eng d
010 ## - LIBRARY OF CONGRESS CONTROL NUMBER
LC control number 2005029658
020 ## - INTERNATIONAL STANDARD BOOK NUMBER
International Standard Book Number 0226456625 (cloth : alk. paper)
020 ## - INTERNATIONAL STANDARD BOOK NUMBER
International Standard Book Number 0226456633 (pbk. : alk. paper)
020 ## - INTERNATIONAL STANDARD BOOK NUMBER
International Standard Book Number 9780226456638
020 ## - INTERNATIONAL STANDARD BOOK NUMBER
International Standard Book Number 9780226456621
035 ## - SYSTEM CONTROL NUMBER
System control number (OCoLC)ocm62090790
040 ## - CATALOGING SOURCE
Transcribing agency 0
082 00 - DEWEY DECIMAL CLASSIFICATION NUMBER
Classification number 307.76097
245 04 - TITLE STATEMENT
Title The new suburban history /
Statement of responsibility, etc. edited by Kevin M. Kruse and Thomas J. Sugrue.
260 ## - PUBLICATION, DISTRIBUTION, ETC.
Place of publication, distribution, etc. Chicago :
Name of publisher, distributor, etc. University of Chicago Press,
Date of publication, distribution, etc. 2006.
300 ## - PHYSICAL DESCRIPTION
Extent x, 289 p. :
Other physical details ill., maps ;
Dimensions 23 cm.
440 #0 - SERIES STATEMENT/ADDED ENTRY--TITLE
Title Historical studies of urban America
9 (RLIN) 3110
500 ## - GENERAL NOTE
General note Based on a conference held at Princeton University in Feb. 2004.
505 0# - FORMATTED CONTENTS NOTE
Formatted contents note Introduction: The new suburban history / Kevin M. Kruse and Thomas J. Sugrue -- Marketing the free market : state intervention and the politics of prosperity in metropolitan America / David M.P. Freund -- Less than plessy : the inner city, suburbs, and state-sanctioned residential segregation in the age of Brown / Arnold R. Hirsch -- Uncovering the city in the suburb : Cold War politics, scientific elites, and high-tech spaces / Margaret Pugh O'Mara -- How hell moved from the city to the suburbs : urban scholars and changing perceptions of authentic community / Becky Nicolaides -- "The house I live in" : race, class, and African American suburban dreams in the postwar United States / Andrew Wiese -- "Socioeconomic integration" in the suburbs : from reactionary populism to class fairness in metropolitan Charlotte / Matthew D. Lassiter -- Prelude to the tax revolt : the politics of the "tax dollar" in postwar California / Robert O. Self -- Suburban growth and its discontents : the logic and limits of reform on the postwar Northeast corridor / Peter Siskind -- Reshaping the American dream : immigrants, ethnic minorities, and the politics of the new suburbs / Michael Jones-Correa -- The legal technology of exclusion in metropolitan America / Gerald Frug.
650 10 - SUBJECT ADDED ENTRY--TOPICAL TERM
Topical term or geographic name entry element Suburbs
Geographic subdivision United States
General subdivision History
9 (RLIN) 3111
650 10 - SUBJECT ADDED ENTRY--TOPICAL TERM
Topical term or geographic name entry element Metropolitan areas
Geographic subdivision United States
General subdivision History
9 (RLIN) 3112
700 1# - ADDED ENTRY--PERSONAL NAME
Personal name Kruse, Kevin Michael,
Dates associated with a name 1972-
9 (RLIN) 3113
700 1# - ADDED ENTRY--PERSONAL NAME
Personal name Sugrue, Thomas J.,
Dates associated with a name 1962-
9 (RLIN) 3114
856 41 - ELECTRONIC LOCATION AND ACCESS
Materials specified Table of contents
Uniform Resource Identifier <a href="http://www.loc.gov/catdir/toc/ecip061/2005029658.html">http://www.loc.gov/catdir/toc/ecip061/2005029658.html</a>
856 41 - ELECTRONIC LOCATION AND ACCESS
Materials specified Contributor biographical information
Uniform Resource Identifier <a href="http://www.loc.gov/catdir/enhancements/fy0701/2005029658-b.html">http://www.loc.gov/catdir/enhancements/fy0701/2005029658-b.html</a>
856 41 - ELECTRONIC LOCATION AND ACCESS
Materials specified Publisher description
Uniform Resource Identifier <a href="http://www.loc.gov/catdir/enhancements/fy0701/2005029658-d.html">http://www.loc.gov/catdir/enhancements/fy0701/2005029658-d.html</a>
942 ## - ADDED ENTRY ELEMENTS (KOHA)
Institution code [OBSOLETE] SADA
Koha item type Book
Call number prefix 307.76097 NEW 2006
Source of classification or shelving scheme
Holdings
Withdrawn status Lost status Source of classification or shelving scheme Damaged status Not for loan Permanent Location Current Location Date acquired Total Checkouts Full call number Barcode Date last seen Cost, replacement price Price effective from Koha item type
          School of Art Design and Architecture (SADA) School of Art Design and Architecture (SADA) 04/14/2011   307.76097 NEW 2006 SADA0000908 08/05/2011 1768.00 08/05/2011 Book
© 2023 Central Library, National University of Sciences and Technology. All Rights Reserved.